| 000 | 01988nam a2200433 i 4500 | ||
|---|---|---|---|
| 001 | ebr10897233 | ||
| 003 | CaPaEBR | ||
| 006 | m o d | ||
| 007 | cr cn||||||||| | ||
| 008 | 140805t20142014enkab ob 001 0 eng d | ||
| 020 | _z9781472423214 | ||
| 020 | _a9781472423221 (e-book) | ||
| 020 | _z9781472423238 (ePUB) | ||
| 040 |
_aCaPaEBR _beng _erda _epn _cCaPaEBR |
||
| 035 | _a(OCoLC)883426968 | ||
| 050 | 1 | 4 |
_aTA1215 _b.M66 2014eb |
| 082 | 0 | 4 |
_a385/.72 _223 |
| 100 | 1 |
_aMonios, Jason, _eauthor. |
|
| 245 | 1 | 0 |
_aInstitutional challenges to intermodal transport and logistics : _bgovernance in port regionalisation and hinterland integration / _cby Jason Monios. |
| 264 | 1 |
_aSurrey, [England] ; _aBurlington, Vermont : _bAshgate, _c2014. |
|
| 264 | 4 | _c�2014 | |
| 300 |
_a1 online resource (240 pages) : _billustrations, graphs, maps. |
||
| 336 |
_atext _2rdacontent |
||
| 337 |
_acomputer _2rdamedia |
||
| 338 |
_aonline resource _2rdacarrier |
||
| 490 | 1 | _aTransport and Mobility Series | |
| 504 | _aIncludes bibliographical references and index. | ||
| 588 | _aDescription based on print version record. | ||
| 590 | _aElectronic reproduction. Palo Alto, Calif. : ebrary, 2014. Available via World Wide Web. Access may be limited to ebrary affiliated libraries. | ||
| 650 | 0 | _aContainerization. | |
| 650 | 0 | _aFreight and freightage. | |
| 650 | 0 | _aBusiness logistics. | |
| 650 | 0 |
_aHarbors _xEconomic aspects. |
|
| 655 | 0 | _aElectronic books. | |
| 776 | 0 | 8 |
_iPrint version: _aMonios, Jason. _tInstitutional challenges to intermodal transport and logistics : governance in port regionalisation and hinterland integration. _dSurrey, [England] ; Burlington, Vermont : Ashgate, c2014 _hxx, 219 pages _kTransport and mobility series. _z9781472423214 _w2014003393 |
| 797 | 2 | _aebrary. | |
| 830 | 0 | _aTransport and mobility series. | |
| 856 | 4 | 0 |
_uhttp://site.ebrary.com/lib/rucke/Doc?id=10897233 _zAn electronic book accessible through the World Wide Web; click to view |
| 999 |
_c54427 _d54427 |
||